Introduction to computational health informatics / (Record no. 615684)

000 -LEADER
fixed length control field 02637cam a2200409 i 4500
001 - CONTROL NUMBER
control field 21228144
005 - DATE AND TIME OF LATEST TRANSACTION
control field 20251223145104.0
008 - FIXED-LENGTH DATA ELEMENTS--GENERAL INFORMATION
fixed length control field 191004s2020 flua b 001 0 eng
010 ## - LIBRARY OF CONGRESS CONTROL NUMBER
LC control number 2019042593
020 ## - INTERNATIONAL STANDARD BOOK NUMBER
International Standard Book Number 9780367434786
Qualifying information (hardback : alk. paper)
020 ## - INTERNATIONAL STANDARD BOOK NUMBER
International Standard Book Number 9781498756631
Qualifying information (paperback : alk. paper)
020 ## - INTERNATIONAL STANDARD BOOK NUMBER
Canceled/invalid ISBN 9781003003564
Qualifying information (ebook)
035 ## - SYSTEM CONTROL NUMBER
System control number 21228144
040 ## - CATALOGING SOURCE
Original cataloging agency DNLM/DLC
Language of cataloging eng
Transcribing agency DLC
Description conventions rda
Modifying agency DLC
042 ## - AUTHENTICATION CODE
Authentication code pcc
050 00 - LIBRARY OF CONGRESS CALL NUMBER
Classification number R855.3
Item number .B34 2020
060 10 - NATIONAL LIBRARY OF MEDICINE CALL NUMBER
Classification number W 26.5
082 00 - DEWEY DECIMAL CLASSIFICATION NUMBER
Classification number 610.285
Edition number 23
100 1# - MAIN ENTRY--PERSONAL NAME
Personal name Bansal, Arvind Kumar,
Relator term author.
9 (RLIN) 132555
245 10 - TITLE STATEMENT
Title Introduction to computational health informatics /
Statement of responsibility, etc. by Arvind Kumar Bansal, (principal) Kent State University, Javed Iqbal Khan, Kent State University, S. Kaisar Alam, President & Chief Engineer at Imagine Consulting Services.
264 #1 - PRODUCTION, PUBLICATION, DISTRIBUTION, MANUFACTURE, AND COPYRIGHT NOTICE
Place of production, publication, distribution, manufacture Boca Raton :
Name of producer, publisher, distributor, manufacturer CRC Press/Taylor&Francis Group,
Date of production, publication, distribution, manufacture, or copyright notice [2020]
300 ## - PHYSICAL DESCRIPTION
Extent xxxiv, 576 pages :
Other physical details illustrations ;
Dimensions 27 cm
336 ## - CONTENT TYPE
Content type term text
Content type code txt
Source rdacontent
337 ## - MEDIA TYPE
Media type term unmediated
Media type code n
Source rdamedia
338 ## - CARRIER TYPE
Carrier type term volume
Carrier type code nc
Source rdacarrier
490 1# - SERIES STATEMENT
Series statement Chapman & Hall/CRC data mining and knowledge discovery series
504 ## - BIBLIOGRAPHY, ETC. NOTE
Bibliography, etc. note Includes bibliographical references and index.
505 0# - FORMATTED CONTENTS NOTE
Formatted contents note Fundamentals -- Intelligent data analysis techniques -- Healthcare data organization -- Medical image informatics -- DICOM - medical image communication -- Bioelectric and biomagnetic signal analysis -- Clinical data analytics -- Pervasive health care -- Bioinformatics for disease and drug -- Incorporating end-user's emotion.
520 ## - SUMMARY, ETC.
Summary, etc. "This class-tested textbook is designed for a semester-long graduate, or senior undergraduate course on Computational Health Informatics. Integrating a computer science perspective with a clinical perspective, the book is designed to prepare computer science students for careers in computational health informatics and medical data analysis. The focus of the book is on clinical issues that require computational analysis, informatics, or automation. It also teaches various artificial intelligence techniques, statistical techniques, and computational techniques that are widely used in health data analysis and health informatics"--
Assigning source Provided by publisher.
650 12 - SUBJECT ADDED ENTRY--TOPICAL TERM
Topical term or geographic name entry element Medical Informatics
9 (RLIN) 8016
700 1# - ADDED ENTRY--PERSONAL NAME
Personal name Khan, Javed I.
Titles and other words associated with a name (Professor of computer science),
Relator term author.
9 (RLIN) 132556
700 1# - ADDED ENTRY--PERSONAL NAME
Personal name Alam, S. Kaisar,
Relator term author.
9 (RLIN) 132557
830 #0 - SERIES ADDED ENTRY--UNIFORM TITLE
Uniform title Chapman & Hall/CRC data mining and knowledge discovery series.
9 (RLIN) 132558
906 ## - LOCAL DATA ELEMENT F, LDF (RLIN)
a 7
b cbc
c orignew
d 1
e ecip
f 20
g y-gencatlg
942 ## - ADDED ENTRY ELEMENTS (KOHA)
Source of classification or shelving scheme
Koha item type Book
Holdings
Withdrawn status Lost status Source of classification or shelving scheme Damaged status Not for loan Permanent Location Current Location Date acquired Source of acquisition Full call number Barcode Date last seen Price effective from Koha item type
          Atta-ur-Rahman School of Applied Biosciences (ASAB) Atta-ur-Rahman School of Applied Biosciences (ASAB) 12/23/2025 Purchase 610.285 INT 2020 3494 ASAB3494 12/23/2025 12/23/2025 Book
© 2023 Central Library, National University of Sciences and Technology. All Rights Reserved.